Studying arts and humanities / (Record no. 14504)
[ view plain ]
| 000 -LEADER | |
|---|---|
| fixed length control field | 01235cam a22003614a 4500 |
| 001 - CONTROL NUMBER | |
| control field | 16001220 |
| 005 - DATE AND TIME OF LATEST TRANSACTION | |
| control field | 20170105102856.0 |
| 008 - FIXED-LENGTH DATA ELEMENTS--GENERAL INFORMATION | |
| fixed length control field | 091130s2009 enka 001 0 eng |
| 010 ## - LIBRARY OF CONGRESS CONTROL NUMBER | |
| LC control number | 2009504057 |
| 015 ## - NATIONAL BIBLIOGRAPHY NUMBER | |
| National bibliography number | GBA938927 |
| Source | bnb |
| 016 7# - NATIONAL BIBLIOGRAPHIC AGENCY CONTROL NUMBER | |
| Record control number | 015116430 |
| Source | Uk |
| 020 ## - INTERNATIONAL STANDARD BOOK NUMBER | |
| International Standard Book Number | 9780230205475 (pbk.) |
| 020 ## - INTERNATIONAL STANDARD BOOK NUMBER | |
| International Standard Book Number | 023020547X (pbk.) |
| 035 ## - SYSTEM CONTROL NUMBER | |
| System control number | (OCoLC)ocn298778482 |
| 040 ## - CATALOGING SOURCE | |
| Original cataloging agency | UKM |
| Transcribing agency | UKM |
| Modifying agency | BTCTA |
| -- | YDXCP |
| -- | BWK |
| -- | BWX |
| -- | EYE |
| -- | DLC |
| 042 ## - AUTHENTICATION CODE | |
| Authentication code | ukblcatcopy |
| -- | lccopycat |
| 050 00 - LIBRARY OF CONGRESS CALL NUMBER | |
| Classification number | LB2395 |
| Item number | .B35 2009 |
| 082 04 - DEWEY DECIMAL CLASSIFICATION NUMBER | |
| Classification number | 378.170281 |
| Edition number | 22 |
| 100 1# - MAIN ENTRY--PERSONAL NAME | |
| Personal name | Bates, Catherine, |
| Titles and words associated with a name | Dr. |
| 245 10 - TITLE STATEMENT | |
| Title | Studying arts and humanities / |
| Statement of responsibility, etc. | by Catherine Bates, Abi Matthewman. |
| 260 ## - PUBLICATION, DISTRIBUTION, ETC. | |
| Place of publication, distribution, etc. | Basingstoke : |
| Name of publisher, distributor, etc. | Palgrave Macmillan, |
| Date of publication, distribution, etc. | 2009. |
| 300 ## - PHYSICAL DESCRIPTION | |
| Extent | x, 198 p. : |
| Other physical details | ill. ; |
| Dimensions | 22 cm. |
| 490 1# - SERIES STATEMENT | |
| Series statement | Palgrave study skills |
| 500 ## - GENERAL NOTE | |
| General note | Includes index. |
| 650 #0 - SUBJECT ADDED ENTRY--TOPICAL TERM | |
| Topical term or geographic name entry element | Study skills. |
| 650 #0 - SUBJECT ADDED ENTRY--TOPICAL TERM | |
| Topical term or geographic name entry element | Arts |
| General subdivision | Study and teaching (Higher) |
| 650 #0 - SUBJECT ADDED ENTRY--TOPICAL TERM | |
| Topical term or geographic name entry element | Humanities |
| General subdivision | Study and teaching (Higher) |
| 700 1# - ADDED ENTRY--PERSONAL NAME | |
| Personal name | Matthewman, Abi. |
| 830 #0 - SERIES ADDED ENTRY--UNIFORM TITLE | |
| Uniform title | Palgrave study skills. |
| 906 ## - LOCAL DATA ELEMENT F, LDF (RLIN) | |
| a | 7 |
| b | cbc |
| c | copycat |
| d | 2 |
| e | ncip |
| f | 20 |
| g | y-gencatlg |
| 942 ## - ADDED ENTRY ELEMENTS (KOHA) | |
| Source of classification or shelving scheme | |
| Koha item type | Book |
| Withdrawn status | Lost status | Damaged status | Not for loan | Collection code | Permanent Location | Current Location | Shelving location | Date acquired | Total Checkouts | Full call number | Barcode | Date last seen | Price effective from | Koha item type |
|---|---|---|---|---|---|---|---|---|---|---|---|---|---|---|
| Central Library (CL) | Central Library (CL) | General Stacks | 08/05/2013 | 378.170281 BAT 2009 | CIPS0000581 | 09/05/2013 | 09/05/2013 | Book |
